01666namaa22003371i 450000500170000000800410001704000430005804100180010104900130011909700090013209900310014110000410017224502890021324602320050226400100073430000450074433600220078933700250081133800230083650200420085950400340090165300160093570000370095170000430098870000460103170000370107790001640111490500200127894200190129899900110131720260423102653.0260423s1995 ua a|||frm||| 000 0 eng d aEG-GICUCbengcEG-GICUCdEG-GICUCerda0 aengbengbara aDeposite aPh.D aCai01.11.01.PhD.1995.Sh.E.0 aShereen Moustafa Amin,epreparation.10aEffect Of Almitrine Versus Doxapram On Postoperative Pulmonary Complications In High Risk Patients / cBy Shereen Moustafa Amin; Suervised By Prof.Dr. Salah EL-Khateeb, Prof.Dr. Fawzeya Abu EL-Fetouh, Prof.Dr. Mouhammed K. EL Sourougi, Prof.Dr. Ashraf M. Hatem.bRemainder of title / 15aتأثير عقار الالمترين ومقارنته بعقار الدوكسابرام على المضاعفات الرئوية بعد العمليات الجراحية للمرضى ذوي الخطورة العاليه / 0c1995. a220 pages : billustrations ;c30 cm. +  2rda contentatext 2rdamediaaUnmediated 2rdacarrieravolume aThesis (Ph.D)-Cairo University, 1995. aBibliography: pages 201-220.  0aAnaesthesia0 aSalah EL-Khateeethesis advisor.0 aFawzeya Abu EL-Fetouhethesis advisor.0 aMouhammed K. EL Sourougiethesis advisor.0 aAshraf M. Hatemethesis advisor. DDepartment of Anaesthesiology FFaculty of Medicine UCairo Universityb1995cSalah EL-KhateecFawzeya Abu EL-FetouhcMouhammed K. EL SourougicAshraf M. Hatem aEman El gebaly  2ddccTHe21n0 c179691